Eastern Utah Libraries Catalog: Duchesne, Heber, Roosevelt, & Vernal

Classic novels. (Record no. 270437)

MARC details
000 -LEADER
fixed length control field 02676cim a2200493Ia 4500
001 - CONTROL NUMBER
control field ocn191060920
003 - CONTROL NUMBER IDENTIFIER
control field OCoLC
005 - DATE AND TIME OF LATEST TRANSACTION
control field 20200320183451.0
007 - PHYSICAL DESCRIPTION FIXED FIELD--GENERAL INFORMATION
fixed length control field sd fsngnnmmneu
008 - FIXED-LENGTH DATA ELEMENTS--GENERAL INFORMATION
fixed length control field 080123s2007 vaunnnn r l n eng d
020 ## - INTERNATIONAL STANDARD BOOK NUMBER
International Standard Book Number 1598033875
020 ## - INTERNATIONAL STANDARD BOOK NUMBER
International Standard Book Number 9781598033878
020 ## - INTERNATIONAL STANDARD BOOK NUMBER
Terms of availability 89.98
028 02 - PUBLISHER NUMBER
Publisher number 2310
Source Teaching Co.
028 02 - PUBLISHER NUMBER
Publisher number 2310-03
Source Teaching Co. (booklet)
035 ## - SYSTEM CONTROL NUMBER
System control number (OCoLC)191060920
040 ## - CATALOGING SOURCE
Original cataloging agency DPL
Transcribing agency DPL
Modifying agency WIM
-- WACOL
049 ## - LOCAL HOLDINGS (OCLC)
Holding library WACL
092 0# - LOCALLY ASSIGNED DEWEY CALL NUMBER (OCLC)
Classification number 809
Edition number 22
092 ## - LOCALLY ASSIGNED DEWEY CALL NUMBER (OCLC)
Classification number CD 809
Item number Wei
100 1# - MAIN ENTRY--PERSONAL NAME
Personal name Weinstein, Arnold L.
9 (RLIN) 5851434
245 10 - TITLE STATEMENT
Title Classic novels.
Medium [sound recording] :
Remainder of title [meeting the challenge of great literature] /
Statement of responsibility, etc Arnold Weinstein.
246 30 - VARYING FORM OF TITLE
Title proper/short title Meeting the challenge of great literature
250 ## - EDITION STATEMENT
Edition statement Library ed.
260 ## - PUBLICATION, DISTRIBUTION, ETC. (IMPRINT)
Place of publication, distribution, etc Chantilly, VA :
Name of publisher, distributor, etc Teaching Co.,
Date of publication, distribution, etc c2007.
300 ## - PHYSICAL DESCRIPTION
Extent 6 sound discs :
Other physical details digital ;
Dimensions 4 3/4 in. +
Accompanying material 1 course guidebook (ii, 65 p. ; 22 cm.)
490 1# - SERIES STATEMENT
Series statement The Great Courses
500 ## - GENERAL NOTE
General note Compact discs.
500 ## - GENERAL NOTE
General note Subtitle from cover.
511 0# - PARTICIPANT OR PERFORMER NOTE
Participant or performer note Taught by Professor Arnold Weinstein, Brown University.
500 ## - GENERAL NOTE
General note Lectures 25-36 of 36.
505 00 - FORMATTED CONTENTS NOTE
Miscellaneous information Lecture 25.
Title Proust, Remembrance of Things Past, part 2 --
Miscellaneous information Lecture 26.
Title Proust, Remembrance of Things Past, part 3 --
Miscellaneous information Lecture 27.
Title Joyce, Ulysses --
Miscellaneous information Lecture 28.
Title Joyce, Ulysses, part 2 --
Miscellaneous information Lecture 29.
Title Joyce, Ulysses, part 3 --
Miscellaneous information Lecture 30.
Title Woolf, To the Lighthouse --
Miscellaneous information Lecture 31.
Title Woolf, To the Lighthouse, part 2 --
Miscellaneous information Lecture 32.
Title Faulkner, As I Lay Dying --
Miscellaneous information Lecture 33.
Title Faulkner, As I Lay Dying, part 2 --
Miscellaneous information Lecture 34.
Title Garcia Márqiez, One Hundred Years of Solitude --
Miscellaneous information Lecture 35.
Title Garcia Márqiez, One Hundred Years of Solitude, part 2 --
Miscellaneous information Lecture 36.
Title Ending the course, beginning the world.
650 #0 - SUBJECT ADDED ENTRY--TOPICAL TERM
Topical term or geographic name as entry element Literature
General subdivision History and criticism.
9 (RLIN) 87019
650 #0 - SUBJECT ADDED ENTRY--TOPICAL TERM
Topical term or geographic name as entry element Fiction
General subdivision History and criticism.
9 (RLIN) 83909
655 #0 - INDEX TERM--GENRE/FORM
Genre/form data or focus term Audiobooks.
9 (RLIN) 5851435
710 2# - ADDED ENTRY--CORPORATE NAME
Corporate name or jurisdiction name as entry element Teaching Company.
9 (RLIN) 5712390
830 #0 - SERIES ADDED ENTRY--UNIFORM TITLE
Uniform title Great courses (Compact disc)
9 (RLIN) 5712379
942 ## - ADDED ENTRY ELEMENTS (KOHA)
Koha item type CD
948 ## - LOCAL PROCESSING INFORMATION (OCLC); SERIES PART DESIGNATOR (RLIN)
Series part designator, SPT (RLIN) 06/26/2009
b (OCLC) 06/29/2009
z (OCLC) Sirsi
994 ## -
-- 02
-- WACOL
996 ## -
-- 71245
-- 34301000860512
-- CD
-- CD
-- wcl
-- i
-- 4
-- 89.98
-- .CIRCNOTE. 6 discs; 1 booklet
-- .PUBLIC. 6 discs; 1 booklet
-- Teaching Company
-- 809 Wei
-- part 1
-- 06/29/2009
-- 10/23/2012
-- 01/05/2011
996 ## -
-- 71245
-- 34301000860504
-- CD
-- CD
-- wcl
-- i
-- 2
-- 89.98
-- .CIRCNOTE. 6 discs; 1 booklet
-- .PUBLIC. 6 discs; 1 booklet
-- Teaching Company
-- 809 Wei
-- part 2
-- 06/29/2009
-- 10/23/2012
-- 02/27/2010
996 ## -
-- 71245
-- 34301000860496
-- CD
-- CD
-- wcl
-- i
-- 3
-- 89.98
-- .CIRCNOTE. 6 discs; 1 booklet
-- .PUBLIC. 6 discs; 1 booklet
-- Teaching Company
-- 809 Wei
-- part 3
-- 06/29/2009
-- 10/23/2012
-- 09/19/2012
Holdings
Withdrawn status Lost status Source of classification or shelving scheme Materials specified (bound volume or other part) Damaged status Not for loan Collection code Home library Current library Shelving location Date acquired Cost, normal purchase price Serial Enumeration / chronology Total Checkouts Full call number Barcode Date last seen Date checked out Cost, replacement price Price effective from Koha item type Public note
    Dewey Decimal Classification .CIRCNOTE. 6 discs; 1 booklet     Audiobooks Wasatch County Library Wasatch County Library Second Floor 06/29/2009 89.98 part 3 3 CD 809 Wei 34301000860496 07/18/2024 09/19/2012 89.98 03/20/2020 Audiobook on CD .PUBLIC. 6 discs; 1 booklet
    Dewey Decimal Classification .CIRCNOTE. 6 discs; 1 booklet     Audiobooks Wasatch County Library Wasatch County Library Second Floor 06/29/2009 89.98 part 2 2 CD 809 Wei 34301000860504 07/18/2024 02/27/2010 89.98 03/20/2020 Audiobook on CD .PUBLIC. 6 discs; 1 booklet
    Dewey Decimal Classification .CIRCNOTE. 6 discs; 1 booklet     Audiobooks Wasatch County Library Wasatch County Library Second Floor 06/29/2009 89.98 part 1 4 CD 809 Wei 34301000860512 07/18/2024 01/05/2011 89.98 03/20/2020 Audiobook on CD .PUBLIC. 6 discs; 1 booklet
This project was made possible through a grant from the Institute of Museum and Library Service administered by the Utah State Library Division.

Wasatch County Library

  • 465 East 1200 South, Heber City, Utah 84032
  • Phone 435-654-1511 | Fax 435-654-6456

Hours

  • Monday - Friday 9:30 AM - 8:00 PM
  • Saturday 9:30 AM - 1:30 PM
  • Closed Sundays and Holidays